Statistisk Arbok 1981

Salvato in:
Dettagli Bibliografici
Natura: Libro
Lingua:norvegese
inglese
Pubblicazione: Oslo Statistisk Sentralbyra 1981
Tags: Aggiungi Tag
Nessun Tag, puoi essere il primo ad aggiungerne!!

MARC

LEADER 00000nam a2200000 4500
001 c136656
005 20250702113624.7
041 0 |a nor 
041 0 |a eng 
044 |a NO 
245 1 0 |a Statistisk Arbok 1981 
264 1 |a Oslo  |b Statistisk Sentralbyra  |c 1981 
300 |a 460 s.